Flagi - Statystyki

Ogólne statystyki
  • Ten quiz został rozwiązany 15 razy
  • Średni wynik to 13 z 16
Statystyki odpowiedzi
Obrazkowy Odpowiedź % Poprawnych
Brazylia
100%
Francja
100%
Kanada
100%
Niemcy
100%
Polska
100%
Ukraina
100%
USA
100%
Finlandia
92%
Gruzja
85%
Korea Południowa
85%
Turcja
85%
Watykan
85%
Libia
54%
Boliwia
46%
Kostaryka
46%
Fidżi
31%
Nie znaleziono quizów pasujących do podanych kryteriów
Rozkład punktacji
Procent ludzi z każdym wynikiem
Percentyl według liczby udzielonych odpowiedzi
Twoja historia wyników
Nie rozwiązałeś tego quizu